300 điệu lý Nam Bộ
Đã lưu trong:
| Hovedforfatter: | |
|---|---|
| Format: | Bog |
| Sprog: | Undetermined |
| Udgivet: |
Tp HCM
Trẻ
2002
|
| Fag: | |
| Tags: |
Tilføj Tag
Ingen Tags, Vær først til at tagge denne postø!
|
| Thư viện lưu trữ: | Trung tâm Học liệu Trường Đại học Cần Thơ |
|---|
| LEADER | 00490nam a2200181Ia 4500 | ||
|---|---|---|---|
| 001 | CTU_56711 | ||
| 008 | 210402s9999 xx 000 0 und d | ||
| 020 | |b 42000 | ||
| 082 | |a 782.42162 | ||
| 082 | |b V500 | ||
| 100 | |a Lư Nhất Vũ | ||
| 245 | 0 | |a 300 điệu lý Nam Bộ | |
| 245 | 0 | |c Lư Nhất Vũ và Lê Giang | |
| 260 | |a Tp HCM | ||
| 260 | |b Trẻ | ||
| 260 | |c 2002 | ||
| 650 | |a folk songs, vietnamese | ||
| 980 | |a Trung tâm Học liệu Trường Đại học Cần Thơ | ||